Equipos de Zlatan Ibrahimović - Estadísticas

Estadísticas generales
  • Esta prueba ha sido intentada 34 veces
  • La puntuación promedio es 9 de 10
Estadísticas de respuestas
Años Equipos % Correcto
2009 - 2010 FC Barcelona
100%
2010 - 2012 AC Milan
97%
2020 - 2023 AC Milan
97%
2012 - 2016 Paris Saint-Germain
97%
2016 - 2018 Manchester United
94%
2001 - 2004 Ajax de Ámsterdam
90%
2006 - 2009 Inter de Milán
90%
2004 - 2006 Juventus
84%
1999 - 2001 Malmö FF
81%
2018 - 2019 Los Angeles Galaxy
77%
No se encontraron pruebas coincidentes
Distribución de puntuación
Porcentaje de gente con cada puntuación
Porcentaje por número respondido
Historial de tus puntuaciones
No has intentado esta prueba.